bbno$ - bbno$ - Statistics

General Stats
  • This quiz has been taken 41 times
  • The average score is 11 of 21
Answer Stats
Songs Plays Artists % Correct
1-800 82,749,283 bbno$, Ironhouse
91%
check 101,948,321 bbno$
88%
two 146,336,877 bbno$
82%
it boy 126,584,283 bbno$
76%
boom 38,069,625 bbno$
65%
hot topic 8,115,605 bbno$
65%
bing bong 5,024,690 bbno$, VNLLA
62%
NSFW 5,963,329 bbno$
62%
come to brazil 1,417,133 bbno$
56%
gigolo 23,751,754 bbno$
56%
bag TF up 1,992,177 bbno$
50%
yezzir 4,264,134 bbno$
50%
ADD 2,543,654 bbno$
38%
eat slay love 1,735,889 bbno$, Käärijä
35%
F.U.N.K. 934,278 bbno$
32%
main squeeze 872,540 bbno$
32%
rich sexy ugly 1,097,166 bbno$
32%
estrella 1,507,056 bbno$
26%
finally up 737,139 bbno$
26%
like this like that 781,783 bbno$
26%
pump it 1,318,857 bbno$
26%
No matching quizzes found
Score Distribution
Percent of People with Each Score
Percentile by Number Answered
Your Score History
You have not taken this quiz